Adapting instruction to individual differences /
Պահպանված է:
| Այլ հեղինակներ: | , |
|---|---|
| Ձևաչափ: | Գիրք |
| Լեզու: | անգլերեն |
| Հրապարակվել է: |
Berkeley, Calif. :
McCutchan Pub. Corp.,
c1985.
|
| Շարք: | Series on contemporary educational issues
|
| Խորագրեր: | |
| Ցուցիչներ: |
Չկան պիտակներ, Եղեք առաջինը, ով նշում է այս գրառումը!
|
MARC
| LEADER | 00000cam a2200000 a 4500 | ||
|---|---|---|---|
| 001 | 0000002135 | ||
| 005 | 20171002023803.0 | ||
| 008 | 840703s1985 cau b 00000 eng | ||
| 010 | |a 84061508 //r89 | ||
| 020 | |a 0821122630 | ||
| 035 | |a 84061508 //r89 | ||
| 035 | |a 0000002135 | ||
| 040 | |a Daystar |d COnyango | ||
| 050 | 0 | 0 | |a LC1031 |b .A33 1985 |a LC1028.35 |b .A33 |
| 082 | 0 | |a 371.3/94 |2 19 | |
| 245 | 0 | 0 | |a Adapting instruction to individual differences / |c edited by Margaret C. Wang and Herbert J. Walberg. |
| 260 | 0 | |a Berkeley, Calif. : |b McCutchan Pub. Corp., |c c1985. | |
| 300 | |a xvi, 329 p. ; |c 24 cm. | ||
| 440 | 0 | |a Series on contemporary educational issues | |
| 504 | |a Includes bibliographies. | ||
| 650 | 0 | |a Individualized instruction. | |
| 700 | 1 | 0 | |a Walberg, Herbert J., |d 1937-. |
| 700 | 1 | 0 | |a Wang, Margaret C. |
| 908 | |a 100521 | ||
| 942 | |c G | ||
| 952 | |0 0 |1 0 |4 0 |6 LC_1028_350000000000000_A33 |7 0 |9 78215 |a DUA |b DUA |c GC |d 2017-09-28 |l 0 |o LC1028.35.A33 |p BK015522 |r 2017-09-28 00:00:00 |w 2017-09-28 |x 58096 |y G | ||
| 989 | |a 1488783135 | ||
| 999 | |c 39804 |d 39804 | ||